Noor-e- Mubeen (PBUH) (Record no. 595385)

000 -LEADER
fixed length control field 00294nam a22001217a 4500
082 ## - DEWEY DECIMAL CLASSIFICATION NUMBER
Classification number 891.4391
Author Mark KAM
100 ## - MAIN ENTRY--PERSONAL NAME
Personal name Tabish Kamal
245 ## - TITLE STATEMENT
Title Noor-e- Mubeen (PBUH)
Statement of responsibility, etc. Tabish Kamal
260 ## - PUBLICATION, DISTRIBUTION, ETC.
Place of publication, distribution, etc. Rawalpindi
Name of publisher, distributor, etc. Kamal Publications
Date of publication, distribution, etc. 2019
300 ## - PHYSICAL DESCRIPTION
Extent 216p
563 ## - BINDING INFORMATION
Binding note H.B
942 ## - ADDED ENTRY ELEMENTS (KOHA)
Source of classification or shelving scheme
Koha item type Book
Holdings
Withdrawn status Lost status Source of classification or shelving scheme Damaged status Not for loan Permanent Location Current Location Date acquired Source of acquisition Total Checkouts Full call number Barcode Date last seen Price effective from Koha item type
          Central Library (CL) Central Library (CL) 08/04/2023 Donation   891.4391 KAM CL-D-2412 08/04/2023 08/04/2023 Book
© 2023 Central Library, National University of Sciences and Technology. All Rights Reserved.